000 00675nam a22002537a 4500
003 UA-OsUOA
001 27018
007 ta
008 20040614b un ||||| |||| 00| 0 ukr d
090 _a303.683
_bЕ88
942 _cBK
040 _aUA-OsUOA
_bukr
_cUA-OsUOA
_dUA-OsUOA
245 _aЕтногенез та етнічна істроія населення українських Карпат
_bАрхеологія та антропологія
300 _a608 с.
955 _a0
041 _aukr
080 _a303.683
020 _a966-02-0154-0
260 _aЛьвів
_c1999
246 3 1 _aТ. 1
_n
044 _aUA
650 7 _2UDC
999 _c313355
_d313355